[Event "SVK-chT2C 1617"]
[Site "Slovakia"]
[Date "2017.02.12"]
[Round "9.3"]
[White "Kral, Peter"]
[Black "Vrana, Frantisek"]
[Result "0-1"]
[WhiteElo "2084"]
[BlackElo "2234"]
[PlyCount "138"]
[EventDate "2016.10.08"]
[EventType "team-tourn"]
[EventRounds "11"]
[EventCountry "SVK"]
[SourceTitle "EXT 2018"]
[Source "ChessBase"]
[SourceDate "2017.10.13"]
[SourceVersion "1"]
[SourceVersionDate "2017.10.13"]
[SourceQuality "1"]
[WhiteTeam "Filakovo"]
[BlackTeam "Rajecke Teplice"]
[WhiteTeamCountry "SVK"]
[BlackTeamCountry "SVK"]

1. e4 e5 2. Nf3 Nc6 3. d4 exd4 4. Nxd4 Bc5 5. Be3 Qf6 6. c3 Nge7 7. g3 d5 8. Bg2 dxe4 9. Nd2 Bxd4 10. cxd4 Bf5 11. Nxe4 Bxe4 12. Bxe4 Qe6 13. Qf3 f5 14. Bxc6+ Qxc6 15. Qxc6+ Nxc6 16. 0-0 0-0-0 17. Rfd1 Nb4 18. Bf4 Rd7 19. Rac1 Rhd8 20. Rc4 Nc6 21. Be3 Rd5 22. Kg2 h6 23. h4 h5 24. a4 a5 25. Rd2 g6 26. Rc5 Nb4 27. Rxd5 Nxd5 28. Kf3 Kd7 29. Bf4 Re8 30. Be5 Re6 31. b3 Rc6 32. Rd3 Rc2 33. Kg2 Ke6 34. Kf1 c6 35. Ke1 Rb2 36. f3 Kd7 37. Kd1 Ke6 38. Kc1 Rf2 39. Kd1 b5 40. axb5 cxb5 41. Bg7 b4 42. Ke1 Rg2 43. Rd2 Rxg3 44. Kf2 Rh3 45. Re2+ Kf7 46. Be5 f4 47. Kg2 Rxh4 48. Ra2 Ne3+ 49. Kg1 Rh3 50. Rxa5 Rxf3 51. d5 g5 52. Bd4 Rf1+ 53. Kh2 Re1 54. Ra2 Ke8 55. Ra8+ Kd7 56. Bf6 g4 57. Bh4 Re2+ 58. Kg1 g3 59. Ra1 Rg2+ 60. Kh1 Rh2+ 61. Kg1 Nf5 62. Ra7+ Kd6 63. Bg5 Ke5 64. d6 Nd4 65. Re7+ Kf5 66. Kf1 g2+ 67. Kf2 Nf3 68. Rf7+ Kg6 69. Kxf3 g1Q 0-1

[Event "SVK-chT2C 1516"]
[Site "Slovakia"]
[Date "2016.02.14"]
[Round "9.4"]
[White "Brhel, Jan"]
[Black "Kral, Peter"]
[Result "0-1"]
[WhiteElo "2145"]
[BlackElo "2091"]
[PlyCount "42"]
[EventDate "2015.10.17"]
[EventType "team-tourn"]
[EventRounds "11"]
[EventCountry "SVK"]
[SourceTitle "EXT 2017"]
[Source "ChessBase"]
[SourceDate "2016.10.25"]
[SourceVersion "1"]
[SourceVersionDate "2016.10.25"]
[SourceQuality "1"]
[WhiteTeam "Kysucke Nove Mesto"]
[BlackTeam "Filakovo"]
[WhiteTeamCountry "SVK"]
[BlackTeamCountry "SVK"]

1. d4 Nf6 2. c4 e6 3. Nc3 d5 4. Bg5 Be7 5. e3 0-0 6. Nf3 b6 7. cxd5 Nxd5 8. Bxe7 Qxe7 9. Bd3 Bb7 10. Rc1 Rc8 11. 0-0 Nd7 12. Qd2 c5 13. e4 cxd4 14. Nxd5 exd5 15. exd5 Bxd5 16. Nxd4 Qf6 17. Qe3 Nc5 18. Rfe1 g6 19. Bc4 Bxc4 20. Rxc4 Re8 21. Qc1 Nd3 0-1

[Event "SVK-chT2C 1516"]
[Site "Slovakia"]
[Date "2016.02.13"]
[Round "8.3"]
[White "Bakalar, Jan"]
[Black "Kral, Peter"]
[Result "0-1"]
[WhiteElo "2016"]
[BlackElo "2091"]
[PlyCount "58"]
[EventDate "2015.10.17"]
[EventType "team-tourn"]
[EventRounds "11"]
[EventCountry "SVK"]
[SourceTitle "EXT 2017"]
[Source "ChessBase"]
[SourceDate "2016.10.25"]
[SourceVersion "1"]
[SourceVersionDate "2016.10.25"]
[SourceQuality "1"]
[WhiteTeam "Rajecke Teplice"]
[BlackTeam "Filakovo"]
[WhiteTeamCountry "SVK"]
[BlackTeamCountry "SVK"]

1. Nc3 d5 2. e4 dxe4 3. Nxe4 Nf6 4. Nxf6+ exf6 5. Bc4 Bd6 6. d4 0-0 7. Ne2 c6 8. 0-0 Qc7 9. h3 Re8 10. Be3 Nd7 11. Qd2 Nf8 12. Bf4 Rxe2 13. Qxe2 Bxf4 14. c3 Be6 15. Bxe6 Nxe6 16. Rfe1 Rd8 17. Qg4 g6 18. h4 f5 19. Qf3 h5 20. g3 Bd6 21. Rad1 Be7 22. b4 Rd5 23. Rd2 f4 24. Rde2 Bf6 25. Rxe6 fxe6 26. Qe4 Kg7 27. gxf4 Rf5 28. Qxe6 Qxf4 29. Re2 Bxh4 0-1

[Event "HUN-chT2 Barcza 1516"]
[Site "Hungary"]
[Date "2015.11.29"]
[Round "5.2"]
[White "Dovzik, Juri"]
[Black "Kral, Peter"]
[Result "1-0"]
[WhiteElo "2298"]
[BlackElo "2112"]
[PlyCount "67"]
[EventDate "2015.09.13"]
[EventType "team-tourn"]
[EventRounds "11"]
[EventCountry "HUN"]
[SourceTitle "CBM 170 Extra"]
[Source "ChessBase"]
[SourceDate "2016.02.25"]
[SourceVersion "1"]
[SourceVersionDate "2016.02.25"]
[SourceQuality "1"]
[WhiteTeam "Kazincbarcika"]
[BlackTeam "Nyiregyhaza"]
[WhiteTeamCountry "HUN"]
[BlackTeamCountry "HUN"]

1. d4 Nf6 2. Nf3 e6 3. g3 b6 4. Bg2 Bb7 5. 0-0 Be7 6. c4 0-0 7. d5 d6 8. Nd4 e5 9. Nf5 Bc8 10. Nxe7+ Qxe7 11. e4 Re8 12. Nc3 Nbd7 13. f4 exf4 14. gxf4 Nf8 15. e5 Ng4 16. e6 f5 17. Qd3 Qh4 18. h3 Nh6 19. Nb5 Qe7 20. Nd4 Qf6 21. Bd2 Bb7 22. Bc3 a6 23. a4 Ng6 24. Rf2 Kh8 25. Qg3 Qe7 26. Qg5 Rf8 27. Qxh6 gxh6 28. Nxf5+ Qf6 29. e7 Rf7 30. Nxh6 Ne5 31. Nxf7+ Qxf7 32. fxe5 Qg6 33. exd6+ Kg8 34. d7 1-0

[Event "SVK-chT2C 1415"]
[Site "Slovakia"]
[Date "2015.02.14"]
[Round "8.3"]
[White "Kral, Peter"]
[Black "Murin, Pavol"]
[Result "1-0"]
[WhiteElo "2120"]
[BlackElo "2051"]
[PlyCount "71"]
[EventDate "2014.10.11"]
[EventType "team-tourn"]
[EventRounds "11"]
[EventCountry "SVK"]
[SourceTitle "EXT 2016"]
[Source "ChessBase"]
[SourceDate "2015.10.08"]
[SourceVersion "1"]
[SourceVersionDate "2015.10.08"]
[SourceQuality "1"]
[WhiteTeam "Filakovo"]
[BlackTeam "Dolny Kubin II"]
[WhiteTeamCountry "SVK"]
[BlackTeamCountry "SVK"]

1. e4 c5 2. Nf3 d6 3. d4 cxd4 4. Nxd4 Nf6 5. Nc3 a6 6. a4 e5 7. Nb3 Be7 8. Be2 Be6 9. 0-0 0-0 10. f4 Nbd7 11. Be3 Rc8 12. f5 Bc4 13. g4 d5 14. exd5 Nb6 15. d6 Bxd6 16. a5 Bxe2 17. Qxe2 Nbd5 18. Bd2 Nxc3 19. bxc3 Nd5 20. Rf3 Qh4 21. Rd3 Rc4 22. Rxd5 Rxg4+ 23. Kh1 Bb8 24. Rg1 Rxg1+ 25. Kxg1 Qf6 26. Qg4 Re8 27. Be3 Qc6 28. c4 b5 29. axb6 Kh8 30. Nd2 Qa4 31. Qe4 Qa1+ 32. Kf2 Qc3 33. c5 a5 34. Qd3 Qxd3 35. Rxd3 e4 36. Nxe4 1-0

[Event "SVK-chT2C 1415"]
[Site "Slovakia"]
[Date "2014.10.11"]
[Round "1.3"]
[White "Jacko, Vladimir1111"]
[Black "Kral, Peter"]
[Result "1/2-1/2"]
[WhiteElo "2269"]
[BlackElo "2120"]
[PlyCount "82"]
[EventDate "2014.10.11"]
[EventType "team-tourn"]
[EventRounds "11"]
[EventCountry "SVK"]
[SourceTitle "EXT 2016"]
[Source "ChessBase"]
[SourceDate "2015.10.08"]
[SourceVersion "1"]
[SourceVersionDate "2015.10.08"]
[SourceQuality "1"]
[WhiteTeam "Liptovska Stiavnica"]
[BlackTeam "Filakovo"]
[WhiteTeamCountry "SVK"]
[BlackTeamCountry "SVK"]

1. e4 c6 2. d4 d5 3. e5 Bf5 4. h4 h6 5. g4 Bd7 6. Nc3 e6 7. Be3 Qb6 8. Na4 Qc7 9. Nf3 b6 10. Nc3 a6 11. Qd2 c5 12. Be2 Nc6 13. a3 cxd4 14. Nxd4 Nxe5 15. f4 Nc4 16. Bxc4 Qxc4 17. Nb3 b5 18. Bd4 a5 19. Qe3 Nf6 20. 0-0-0 Be7 21. g5 Ng4 22. Qf3 h5 23. Bxg7 Rg8 24. Bd4 b4 25. axb4 axb4 26. Ne2 Ba4 27. Kb1 Bxb3 28. cxb3 Qa6 29. Qd3 Qa5 30. Kc2 Kd7 31. Ra1 Qc7+ 32. Kd2 Bd6 33. Rxa8 Bxf4+ 34. Nxf4 Qxf4+ 35. Ke2 Rxa8 36. Qb5+ Kc8 37. Qc6+ Kb8 38. Qb5+ Kc8 39. Qc6+ Kb8 40. Qb6+ Kc8 41. Qc6+ Kb8 1/2-1/2

[Event "HUN-chT2 Barcza 1314"]
[Site "Hungary"]
[Date "2014.02.16"]
[Round "7"]
[White "Kassay, Krisztian"]
[Black "Kral, Peter"]
[Result "1/2-1/2"]
[WhiteElo "1924"]
[BlackElo "2130"]
[PlyCount "147"]
[EventDate "2013.09.08"]
[EventType "team-tourn"]
[EventRounds "11"]
[EventCountry "HUN"]
[SourceTitle "EXT 2016"]
[Source "ChessBase"]
[SourceDate "2015.10.08"]
[SourceVersion "1"]
[SourceVersionDate "2015.10.08"]
[SourceQuality "1"]
[WhiteTeam "Miskolc KisBocsok"]
[BlackTeam "Nyiregyhaza SISE"]
[WhiteTeamCountry "HUN"]
[BlackTeamCountry "HUN"]

1. e4 c6 2. d4 d5 3. exd5 cxd5 4. Bd3 Nc6 5. c3 Nf6 6. Bf4 Bg4 7. Qb3 Na5 8. Qc2 e6 9. Nd2 Bd6 10. Bxd6 Qxd6 11. Ngf3 Nc6 12. 0-0 0-0 13. Rfe1 Rac8 14. Qb3 Rc7 15. Ne5 Bh5 16. a4 Nd7 17. Nxd7 Qxd7 18. Re3 Re8 19. Rae1 Qd6 20. Rh3 Bg6 21. Bxg6 hxg6 22. Qd1 e5 23. Qg4 Rce7 24. Qh4 f6 25. Qh7+ Kf7 26. Rh6 exd4 27. Qxg6+ Kg8 28. Rxe7 Qxe7 29. Rh3 Qe1+ 30. Nf1 Qe4 31. Qh5 Re5 32. Qh8+ Kf7 33. Qc8 Re7 34. Rh8 Kg6 35. Qh3 Kf7 36. Qc8 Kg6 37. h4 Ne5 38. h5+ Kg5 39. Qh3 Qg4 40. Qxg4+ Nxg4 41. cxd4 Re2 42. f3 Nh6 43. Rd8 Rxb2 44. Rxd5+ Kf4 45. Kh2 Rb4 46. a5 a6 47. Rd7 Nf5 48. d5 Rb5 49. d6 Rxa5 50. Rxb7 Nxd6 51. Rb4+ Kg5 52. g4 Kh4 53. Rb2 Rb5 54. Rg2 Kg5 55. Kg3 Rb3 56. Nd2 Rd3 57. Re2 a5 58. Ne4+ Kh6 59. Nxd6 Rxd6 60. Re8 Kh7 61. Ra8 Rd5 62. f4 g6 63. Ra7+ Kh6 64. hxg6 Kxg6 65. f5+ Kh6 66. Kh4 Rb5 67. Rf7 Rb6 68. Ra7 Rb5 69. Ra6 Kg7 70. Kh5 Rb7 71. Rxa5 Re7 72. Ra6 Rb7 73. Rc6 Ra7 74. Rb6 1/2-1/2

[Event "SVK-chT1E 1213"]
[Site "Slovakia"]
[Date "2013.03.23"]
[Round "10.5"]
[White "Brhel, Jan"]
[Black "Kral, Peter"]
[Result "1-0"]
[WhiteElo "2101"]
[BlackElo "2182"]
[PlyCount "65"]
[EventDate "2012.10.20"]
[EventType "team-tourn"]
[EventRounds "11"]
[EventCountry "SVK"]
[SourceTitle "EXT 2015"]
[Source "ChessBase"]
[SourceDate "2014.11.20"]
[SourceVersion "1"]
[SourceVersionDate "2014.11.20"]
[SourceQuality "1"]
[WhiteTeam "Kysucke Nove Mesto"]
[BlackTeam "Filakovo"]
[WhiteTeamCountry "SVK"]
[BlackTeamCountry "SVK"]

1. d4 Nf6 2. c4 e6 3. Nc3 d5 4. Bg5 Be7 5. e3 0-0 6. Nf3 b6 7. Bd3 dxc4 8. Bxc4 Bb7 9. 0-0 a6 10. a4 h6 11. Bh4 Nc6 12. Qe2 Nb4 13. e4 Nh5 14. Bxe7 Qxe7 15. Ne5 Nf6 16. Rad1 Rfd8 17. f4 c5 18. f5 cxd4 19. fxe6 dxc3 20. exf7+ Kh7 21. Rd5 Bxd5 22. exd5 g6 23. bxc3 Nbxd5 24. Bd3 Nf4 25. f8N+ Kg7 26. Rxf4 Rxf8 27. Bxg6 Nd7 28. Re4 Qc5+ 29. Kh1 Nxe5 30. Rxe5 Qd6 31. Re7+ Kg8 32. Qc4+ Rf7 33. Qxf7+ 1-0

[Event "HUN-chT2 Maroczy 1213"]
[Site "Hungary"]
[Date "2013.03.03"]
[Round "8"]
[White "Kral, Peter"]
[Black "Tokovic, Svetozar"]
[Result "1/2-1/2"]
[WhiteElo "2182"]
[BlackElo "2220"]
[PlyCount "86"]
[EventDate "2012.09.16"]
[EventType "team-tourn"]
[EventRounds "11"]
[EventCountry "HUN"]
[SourceTitle "EXT 2014"]
[Source "ChessBase"]
[SourceDate "2013.11.20"]
[SourceVersion "1"]
[SourceVersionDate "2013.11.20"]
[SourceQuality "1"]
[WhiteTeam "Kisvarda"]
[BlackTeam "Roeszke"]
[WhiteTeamCountry "HUN"]
[BlackTeamCountry "HUN"]

1. e4 e5 2. Nf3 Nc6 3. d4 exd4 4. Nxd4 Bc5 5. Be3 Qf6 6. c3 Nge7 7. g3 d5 8. Bg2 dxe4 9. Nd2 Bxd4 10. cxd4 0-0 11. Nxe4 Qg6 12. 0-0 Nf5 13. d5 Nxe3 14. fxe3 Ne5 15. Qd4 Ng4 16. Nf2 Nxf2 17. Rxf2 Bd7 18. Rc1 c6 19. dxc6 Bxc6 20. Bxc6 bxc6 21. Rfc2 Qe6 22. b3 Rfc8 23. Qf4 h6 24. Qf3 Re8 25. Rxc6 Qxe3+ 26. Qxe3 Rxe3 27. Rc8+ Re8 28. Rxa8 Rxa8 29. Rc7 a5 30. Kf2 Rb8 31. Ra7 Rb5 32. Ke3 h5 33. Rd7 Kf8 34. Ke4 h4 35. Rd5 Rb4+ 36. Rd4 hxg3 37. hxg3 Ke7 38. Ke3 Ke6 39. Rd3 a4 40. Rd4 Rxd4 41. Kxd4 axb3 42. axb3 f5 43. b4 Kd6 1/2-1/2

[Event "SVK-chT1E 1213"]
[Site "Slovakia"]
[Date "2013.02.23"]
[Round "8.3"]
[White "Kral, Peter"]
[Black "Mrvova, Alena"]
[Result "0-1"]
[WhiteElo "2182"]
[BlackElo "2229"]
[PlyCount "72"]
[EventDate "2012.10.20"]
[EventType "team-tourn"]
[EventRounds "11"]
[EventCountry "SVK"]
[SourceTitle "EXT 2015"]
[Source "ChessBase"]
[SourceDate "2014.11.20"]
[SourceVersion "1"]
[SourceVersionDate "2014.11.20"]
[SourceQuality "1"]
[WhiteTeam "Filakovo"]
[BlackTeam "Bardejov"]
[WhiteTeamCountry "SVK"]
[BlackTeamCountry "SVK"]

1. e4 c5 2. Nf3 d6 3. d4 cxd4 4. Nxd4 Nf6 5. Nc3 e6 6. Be2 Be7 7. 0-0 a6 8. a4 0-0 9. Be3 Qc7 10. f4 Nbd7 11. Nb3 b6 12. Bf3 Bb7 13. Qe2 Rfe8 14. g4 Nc5 15. Nd2 d5 16. e5 Nfd7 17. b4 Ne4 18. Ncxe4 dxe4 19. Nxe4 Bxb4 20. Rad1 Bd5 21. Rd4 Bf8 22. Nd6 Bxd6 23. exd6 Qxd6 24. Qd2 Qc6 25. Rxd5 exd5 26. Bxd5 Qxa4 27. Bxa8 Rxa8 28. Rd1 Nc5 29. Qd5 Re8 30. Bxc5 bxc5 31. Qd7 Qe4 32. Qd6 Qe3+ 33. Kf1 Qf3+ 34. Kg1 Qxg4+ 35. Kf1 h6 36. Rd2 Qf3+ 0-1

[Event "SVK-chT1E 1213"]
[Site "Slovakia"]
[Date "2013.02.03"]
[Round "7.2"]
[White "Kral, Peter"]
[Black "Hotak, Marian"]
[Result "0-1"]
[WhiteElo "2182"]
[BlackElo "2019"]
[PlyCount "74"]
[EventDate "2012.10.20"]
[EventType "team-tourn"]
[EventRounds "11"]
[EventCountry "SVK"]
[SourceTitle "EXT 2015"]
[Source "ChessBase"]
[SourceDate "2014.11.20"]
[SourceVersion "1"]
[SourceVersionDate "2014.11.20"]
[SourceQuality "1"]
[WhiteTeam "Filakovo"]
[BlackTeam "Kezmarok"]
[WhiteTeamCountry "SVK"]
[BlackTeamCountry "SVK"]

1. e4 c6 2. d4 d5 3. exd5 cxd5 4. Bd3 Nc6 5. c3 g6 6. Nf3 Nh6 7. Bf4 Bg7 8. 0-0 0-0 9. Re1 f6 10. b4 a6 11. Qa4 Bg4 12. Nbd2 Nf7 13. Bc2 e5 14. dxe5 fxe5 15. Bg3 e4 16. Nd4 Nxd4 17. cxd4 Bxd4 18. Rab1 Bc3 19. Red1 Bxd1 20. Rxd1 Qg5 21. Nf1 Rfd8 22. Bc7 Rdc8 23. Qd7 Bxb4 24. Bb3 Qe7 25. Qxe7 Bxe7 26. Ba5 Rc5 27. Bb4 Rc7 28. Ba5 Rd7 29. Bxd5 Kf8 30. Ne3 Rc8 31. Rb1 Rc5 32. Be6 Rd6 33. Bb4 Rxe6 34. Bxc5 Bxc5 35. Rxb7 Rb6 36. Rc7 Rb1+ 37. Nf1 Rc1 0-1

[Event "SVK-chT1E 1213"]
[Site "Slovakia"]
[Date "2012.12.09"]
[Round "4.5"]
[White "Najgebauer, Szemjon"]
[Black "Kral, Peter"]
[Result "1-0"]
[WhiteElo "2187"]
[BlackElo "2182"]
[PlyCount "89"]
[EventDate "2012.10.20"]
[EventType "team-tourn"]
[EventRounds "11"]
[EventCountry "SVK"]
[SourceTitle "EXT 2014"]
[Source "ChessBase"]
[SourceDate "2013.11.20"]
[SourceVersion "1"]
[SourceVersionDate "2013.11.20"]
[SourceQuality "1"]
[WhiteTeam "Stara Lubovna"]
[BlackTeam "Filakovo"]
[WhiteTeamCountry "SVK"]
[BlackTeamCountry "SVK"]

1. d4 Nf6 2. c4 e6 3. Nc3 d5 4. cxd5 exd5 5. Bg5 Be7 6. Qc2 0-0 7. e3 c6 8. Bd3 h6 9. Bh4 Re8 10. Nge2 Nbd7 11. Bg3 Bb4 12. 0-0 Nf8 13. a3 Bd6 14. b4 a6 15. Rab1 a5 16. Na4 Bxg3 17. Nxg3 axb4 18. axb4 g6 19. b5 Bd7 20. Nc5 Qc7 21. bxc6 Bxc6 22. Nxb7 Reb8 23. Nc5 Be8 24. Qd2 Rxb1 25. Rxb1 Kg7 26. Ne2 N8d7 27. Rc1 Qd6 28. h3 Nf8 29. Nf4 Ra7 30. Be2 Bd7 31. Qb4 Kg8 32. Rb1 Bf5 33. Qb6 Qe7 34. Bd3 Bxd3 35. Nfxd3 Ra2 36. Nb4 Ra8 37. Nc6 Qe8 38. Qb7 Kg7 39. Ne5 Rd8 40. Kh2 h5 41. Kg1 Ng8 42. Rb6 Nf6 43. Qc7 N8d7 44. Ncxd7 Nxd7 45. Rd6 1-0

[Event "SVK-chT1E 1011"]
[Site "Slovakia"]
[Date "2011.01.09"]
[Round "5.5"]
[White "Vacek, Ondrej"]
[Black "Kral, Peter"]
[Result "1/2-1/2"]
[WhiteElo "2117"]
[BlackElo "2221"]
[PlyCount "55"]
[EventDate "2010.11.06"]
[EventType "team-tourn"]
[EventRounds "11"]
[EventCountry "SVK"]
[SourceTitle "EXT 2012"]
[Source "ChessBase"]
[SourceDate "2011.11.24"]
[SourceVersion "1"]
[SourceVersionDate "2011.11.24"]
[SourceQuality "1"]
[WhiteTeam "Banska Bystrica"]
[BlackTeam "Filakovo"]
[WhiteTeamCountry "SVK"]
[BlackTeamCountry "SVK"]

1. Nf3 d5 2. d4 e6 3. c4 Nf6 4. g3 b6 5. Bg2 Bb7 6. cxd5 Nxd5 7. 0-0 Be7 8. Nc3 0-0 9. Re1 c5 10. Nxd5 Bxd5 11. e4 Bb7 12. a3 cxd4 13. Nxd4 Nd7 14. Bd2 Rc8 15. Bc3 Nf6 16. Qe2 a6 17. Rad1 Qc7 18. Rd2 b5 19. Nb3 Ba8 20. Red1 Qc4 21. Na5 Qxe2 22. Rxe2 Rcd8 23. Rxd8 Rxd8 24. f3 Kf8 25. Kf2 Rd3 26. Rc2 Rd7 27. Bf1 Rc7 28. Rc1 1/2-1/2

[Event "HUN-chT2 Maroczy 1011"]
[Site "Hungary"]
[Date "2010.10.10"]
[Round "3"]
[White "Kral, Peter"]
[Black "Kopasz, Robert"]
[Result "0-1"]
[WhiteElo "2221"]
[BlackElo "2283"]
[PlyCount "50"]
[EventDate "2010.09.12"]
[EventType "team-tourn"]
[EventRounds "11"]
[EventCountry "HUN"]
[SourceTitle "EXT 2012"]
[Source "ChessBase"]
[SourceDate "2011.11.24"]
[SourceVersion "1"]
[SourceVersionDate "2011.11.24"]
[SourceQuality "1"]
[WhiteTeam "Nyiregyhaza"]
[BlackTeam "Maroczy"]
[WhiteTeamCountry "HUN"]
[BlackTeamCountry "HUN"]

1. e4 e6 2. c4 d5 3. exd5 exd5 4. d4 Nf6 5. Nc3 Be7 6. h3 0-0 7. Nf3 Re8 8. Be3 Nbd7 9. c5 Bf8 10. Bd3 c6 11. 0-0 Ne4 12. Qc2 f5 13. Rae1 g6 14. Bf4 Bg7 15. h4 Nf8 16. g3 Ne6 17. Ne2 h6 18. Be3 g5 19. hxg5 hxg5 20. Kg2 Qf6 21. Qc1 f4 22. Nxg5 N4xg5 23. Nxf4 Nxf4+ 24. Bxf4 Bh3+ 25. Kh2 Bxf1 0-1

[Event "SVK-chT1E 0910"]
[Site "Slovakia"]
[Date "2010.01.17"]
[Round "7.3"]
[White "Kral, Peter"]
[Black "Vrana, Frantisek"]
[Result "1-0"]
[WhiteElo "2238"]
[BlackElo "2285"]
[PlyCount "47"]
[EventDate "2009.10.17"]
[EventType "team"]
[EventRounds "11"]
[EventCountry "SVK"]
[SourceTitle "EXT 2011"]
[Source "ChessBase"]
[SourceDate "2010.11.26"]
[SourceVersion "1"]
[SourceVersionDate "2010.11.26"]
[SourceQuality "1"]
[WhiteTeam "Filakovo"]
[BlackTeam "Rajecke Teplice"]
[WhiteTeamCountry "SVK"]
[BlackTeamCountry "SVK"]

1. e4 c6 2. d4 d5 3. exd5 cxd5 4. Bd3 Nc6 5. c3 Nf6 6. Bf4 g6 7. Nf3 Bg7 8. h3 0-0 9. Nbd2 Bf5 10. Bxf5 gxf5 11. 0-0 Ne4 12. Ng5 Nxg5 13. Bxg5 Qd6 14. Qf3 e6 15. Bf4 Qd7 16. Qg3 Kh8 17. Nf3 Rg8 18. Qh4 f6 19. Rfe1 Qf7 20. Re3 Ne7 21. Rae1 Ng6 22. Qh5 e5 23. dxe5 fxe5 24. Ng5 1-0